Statistics for Dog Breeds by Picture Quiz

Click here to take the quiz!

General Stats

  • This quiz has been taken 293 times
  • The average score is 45 of 85

Answer Stats

Answer% Correct
Dalmatian
98%
German Shepherd
97%
Pug
96%
Siberian Husky
95%
Bulldog
94%
Golden Retriever
89%
Labrador Retriever
86%
Boxer
84%
Chihuahua
84%
Rottweiler
84%
Chow Chow
82%
Beagle
81%
Greyhound
81%
St Bernard
78%
Pembroke Welsh Corgi
77%
Scooby Doo
77%
Great Dane
75%
Yorkshire Terrier
75%
Shih Tzu
72%
Doberman
71%
Pit bull
71%
Basset Hound
69%
Shetland Sheepdog
69%
Cocker Spaniel
67%
Dachshund
67%
Old English Sheepdog
66%
Snoop Dogg
66%
Pomeranian
63%
Australian Cattle Dog
62%
Cavalier King Charles Spaniel
62%
Poodle
62%
Shiba Inu
62%
Whippet
59%
Australian Shepherd
58%
Bernese Mountain Dog
58%
Border Collie
58%
Bloodhound
56%
Mastiff
56%
Akita
55%
Afghan Hound
54%
Boston Terrier
54%
French Bulldog
54%
Jack Russel Terrier
53%
Snoopy
53%
Airedale Terrier
52%
Alaskan Malamute
50%
Newfoundland
50%
West Highland White Terrier
50%
Bichon Frise
49%
Bull Terrier
49%
Samoyed
49%
Scottish Terrier
47%
Maltese
46%
Miniature Schnauzer
46%
Irish Wolfhound
45%
Shar Pei
44%
Irish Setter
43%
Papillon
43%
Pekingese
43%
Weimaraner
39%
Basenji
36%
Saluki
33%
Brittany
31%
Rat Terrier
30%
Rhodesian Ridgeback
30%
Lhasa Apso
29%
Border Terrier
27%
Miniature Pinscher
27%
German Short-haired Pointer
26%
Portuguese Water Dog
26%
Cane Corso
25%
Great Pyrenees
24%
Staffordshire Bull Terrier
24%
Vizsla
24%
Cairn Terrier
23%
Malinois
23%
Pointer
22%
Norwich Terrier
19%
Affenpinscher
18%
Bullmastiff
17%
Kelpie
17%
Havanese
16%
Soft Coated Wheaten Terrier
16%
Neapolitan Mastiff
14%
Lagotto Romagnolo
10%

Score Distribution

Percentile by Number Answered

Percent of People with Each Score

Your Score History

You have not taken this quiz